FK Bodø/Glimt Squad Champions League 2025/2026 - Statistics

General Stats
  • This quiz has been taken 57 times
  • The average score is 12 of 25
Answer Stats
Picture Answer % Correct
Nikita Haikin
83%
Kasper Høgh
76%
Jens Petter Hauge
72%
Patrick Berg
72%
Sondre Brunstad Fet
62%
Fredrik André Bjørkan
59%
Haitam Aleesami
52%
Ole Didrik Blomberg
52%
Fredrik Sjøvold
48%
Håkon Evjen
48%
Isak Dybvik Määttä
48%
Julian Faye Lund
48%
Odin Bjørtuft
48%
Andreas Helmersen
45%
Jostein Gundersen
45%
Brede Moe
41%
Daniel Bassi
41%
Ulrik Saltnes
41%
Ola Brynhildsen
34%
Sondre Auklend
31%
Villads Nielsen
31%
Magnus Riisnæs
28%
Anders Klynge
24%
Mathias Jørgensen
24%
Mikkel Bro Hansen
21%
No matching quizzes found
Score Distribution
Percent of People with Each Score
Percentile by Number Answered
Your Score History
You have not taken this quiz